| 000 | 00605nam a2200241Ia 4500 | ||
|---|---|---|---|
| 003 | OSt | ||
| 005 | 20221007101108.0 | ||
| 006 | a|||||r|||| 00| 0 | ||
| 007 | ta | ||
| 008 | 221006b |||||||| |||| 00| 0 eng d | ||
| 024 | _a5,817 | ||
| 037 | _cTextual | ||
| 040 |
_aLCO _cLCO _beng |
||
| 041 |
_2eng _aeng |
||
| 082 | _aV73g4:194, K7 | ||
| 100 |
_aDRAPER T _9702584 |
||
| 245 | 0 | _aAbuse of Power. | |
| 260 |
_aLondon _bpenguin Books _c1967 |
||
| 300 | _a238 | ||
| 650 |
_aABUSE OF POWER _9702585 |
||
| 942 |
_hV73g4:194, K7 _cTEXL |
||
| 999 |
_c1175380 _d1175380 |
||